Statistics for Countries Symbolized on a Pirate Ship

Click here to take the quiz!

General Stats

  • This quiz has been taken 1,727 times
  • The average score is 9 of 16

Answers on the Map

Answers color-coded by a green-red scale on the quiz's map according to % correct below.
 

Answer Stats

Country% Correct
Canada
99%
Barbados
86%
Kiribati
75%
India
72%
Samoa
66%
Dominica
65%
Marshall Islands
62%
Iran
60%
Lesotho
60%
Malaysia
59%
Saudi Arabia
56%
South Korea
55%
Slovakia
40%
Angola
25%
Laos
21%
Kyrgyzstan
20%

Score Distribution

Percentile by Number Answered

Percent of People with Each Score

Your Score History

You have not taken this quiz